000 00883cam a22001935a 4500
001 L149261
008 100211e20100205xxk 000 0 eng d
035 _a(Sirsi) u149261
041 0 _aeng
100 1 _aHatcher, David
245 0 0 _aFinal countdown
260 _c2010
490 _aProperty Week
_v76(5) 5 February 2010, 74-75(2)
520 _aHow do you make your APC final submission stand out from the rest? Pay attention to the following principles: don't bodge it, take a structured approach, choose your words wisely, be critical, the devil's in the detail, and get a different perspective. Lists what first-time APC candidates' final assessments should include and offers some last minute reminders.
590 _aKA
651 4 _aUnited Kingdom
_y
690 _aCAREERS, EDUCATION AND TRAINING-QUALIFICATION ROUTES-ASSESSMENT OF PROFESSIONAL COMPETENCE
942 _n0
999 _c82101
_d82101